MARC details
| 000 -CABECERA |
| campo de control de longitud fija |
01278nam a2200325 i 4500 |
| 001 - NÚMERO DE CONTROL |
| campo de control |
000032412 |
| 003 - IDENTIFICADOR DEL NÚMERO DE CONTROL |
| campo de control |
DO-SdBNP |
| 005 - FECHA Y HORA DE LA ÚLTIMA TRANSACCIÓN |
| campo de control |
20250925114039.0 |
| 007 - CAMPO FIJO DE DESCRIPCIÓN FÍSICA--INFORMACIÓN GENERAL |
| campo de control de longitud fija |
ta |
| 008 - DATOS DE LONGITUD FIJA--INFORMACIÓN GENERAL |
| campo de control de longitud fija |
101013e19311974dr 000 0 spa d |
| 040 ## - FUENTE DE LA CATALOGACIÓN |
| Centro catalogador/agencia de origen |
DO-SdBNP |
| Lengua de catalogación |
spa |
| Centro/agencia transcriptor |
BNPHU |
| Normas de descripción |
rda |
| 041 ## - CÓDIGO DE LENGUA |
| Código de lengua del texto/banda sonora o título independiente |
spa |
| 082 #4 - NÚMERO DE LA CLASIFICACIÓN DECIMAL DEWEY |
| Número de clasificación |
920.7293 |
| Número de documento/Ítem |
L965h 1974 |
| Número de edición |
22 |
| 100 1# - ENTRADA PRINCIPAL--NOMBRE DE PERSONA |
| Nombre de persona |
Luperón, Gregorio, |
| Fechas asociadas al nombre |
1839-1897 |
| Término indicativo de función/relación |
autor |
| Código de función/relación |
aut. |
| 9 (RLIN) |
888 |
| 245 10 - MENCIÓN DE TÍTULO |
| Título |
Hombres de la restauración / |
| Mención de responsabilidad, etc. |
Gregorio Luperón. |
| 250 ## - MENCIÓN DE EDICIÓN |
| Mención de edición |
Segunda edición (facsímil) |
| 264 #1 - PRODUCCIÓN, PUBLICACIÓN, DISTRIBUCIÓN, FABRICACIÓN Y COPYRIGHT |
| Producción, publicación, distribución, fabricación y copyright |
Santo Domingo : |
| Nombre del de productor, editor, distribuidor, fabricante |
Secretaría de la Educación, |
| Fecha de producción, publicación, distribución, fabricación o copyright |
1974. |
| 300 ## - DESCRIPCIÓN FÍSICA |
| Extensión |
60 páginas ; |
| Dimensiones |
21 cm. |
| 336 ## - TIPO DE CONTENIDO |
| Término de tipo de contenido |
texto |
| Código de tipo de contenido |
txt |
| Fuente |
rdacontent |
| 337 ## - TIPO DE MEDIO |
| Nombre/término del tipo de medio |
sin mediación |
| Código del tipo de medio |
n |
| Fuente |
rdamedia |
| 338 ## - TIPO DE SOPORTE |
| Nombre/término del tipo de soporte |
volumen |
| Código del tipo de soporte |
nc |
| Fuente |
rdacarrier |
| 490 1# - MENCIÓN DE SERIE |
| Mención de serie |
Colección Enriquillo |
| 505 0# - NOTA DE CONTENIDO CON FORMATO |
| Nota de contenido con formato |
Introducción -- |
| Título |
Nota editorial-- |
| -- |
Benigno F. de Rojas-- |
| -- |
Ulises F. Espaillat-- |
| -- |
Pablo Pujol -- |
| -- |
Julián Belisario Curiel -- |
| -- |
Pedro Francisco Bonó-- |
| -- |
Máximo Grullón -- |
| -- |
Alfredo Detjeen-- |
| -- |
Epígolo. |
| 534 ## - NOTA SOBRE LA VERSIÓN ORIGINAL |
| Encabezamiento principal del original |
Publicado en Santo Domingo. |
| Mención de edición del original |
Segunda edición |
| Publicación, distribución, etc. del original |
Logia Cuna de América, 1931. |
| 590 ## - NOTA LOCAL (RLIN) |
| Nota local |
Inventariado 2023 / MF |
| 600 14 - PUNTO DE ACCESO ADICIONAL DE MATERIA--NOMBRE DE PERSONA |
| Nombre de persona |
Luperón, Gregorio, |
| Fechas asociadas al nombre |
1839-1897 |
| 9 (RLIN) |
888 |
| 651 #4 - PUNTO DE ACCESO ADICIONAL DE MATERIA--NOMBRE GEOGRÁFICO |
| Nombre geográfico |
República Dominicana |
| Subdivisión general |
Biografías |
| 9 (RLIN) |
1325 |
| 910 ## - DATOS DE OPCIÓN DEL USUARIO (OCLC) |
| Datos de opción del usuario |
Validado. Control de Calidad/MAA |
| 942 ## - ELEMENTOS DE PUNTO DE ACCESO ADICIONAL (KOHA) |
| Fuente del sistema de clasificación o colocación |
Dewey Decimal Classification |
| Tipo de ítem Koha |
Libro |